Napoli Top 10 Leaders - Statistics

General Stats
  • This quiz has been taken 454 times
    329 since last reset
  • The average score is 8 of 17
Answer Stats
Goals Apps Player % Correct
115 259 Diego Maradona
96%
148 397 Dries Mertens
88%
122 434 Lorenzo Insigne
88%
121 520 Marek Hamšík
84%
104 138 Edinson Cavani
77%
91 146 Gonzalo Higuaín
73%
14 317 Kalidou Koulibaly
51%
82 349 José Callejón
46%
95 221 Careca
44%
51 364 Piotr Zieliński
30%
15 322 Ciro Ferrara
25%
11 511 Giuseppe Bruscolotti
19%
97 234 José Altafini
18%
103 196 Antonio Vojak
11%
108 266 Attila Sallustro
10%
38 505 Antonio Juliano
9%
11 396 Moreno Ferrario
4%
No matching quizzes found
Score Distribution
Percent of People with Each Score
Percentile by Number Answered
Your Score History
You have not taken this quiz since the last reset